Horký chlieb (Record no. 20426)
[ view plain ]
| 000 -LEADER | |
|---|---|
| fixed length control field | 00853nam a22002530i 4500 |
| 001 - CONTROL NUMBER | |
| control field | 20426 |
| 003 - CONTROL NUMBER IDENTIFIER | |
| control field | VRT |
| 005 - DATE AND TIME OF LATEST TRANSACTION | |
| control field | 20260122130629.0 |
| 008 - FIXED-LENGTH DATA ELEMENTS--GENERAL INFORMATION | |
| fixed length control field | 090724s1995 SK r 000 slo d |
| 020 ## - INTERNATIONAL STANDARD BOOK NUMBER | |
| International Standard Book Number | 8088834538 |
| 035 ## - SYSTEM CONTROL NUMBER | |
| System control number | (SVKBBclas03)vtls000019451 |
| 040 ## - CATALOGING SOURCE | |
| Original cataloging agency | SVKBB |
| Language of cataloging | slo |
| Transcribing agency | SVKBB |
| Description conventions | AACR2 |
| 041 0# - LANGUAGE CODE | |
| Language code of text/sound track or separate title | slo |
| 080 ## - UNIVERSAL DECIMAL CLASSIFICATION NUMBER | |
| Universal Decimal Classification number | 885.4-93-32 |
| 100 1# - MAIN ENTRY--PERSONAL NAME | |
| Personal name | Tajovský, Jozef Gregor, |
| Dates associated with a name | 1874-1940 |
| 245 10 - TITLE STATEMENT | |
| Title | Horký chlieb |
| Remainder of title | Výber z tvorby |
| Statement of responsibility, etc. | Jozef Gregor Tajovský |
| 260 ## - PUBLICATION, DISTRIBUTION, ETC. | |
| Place of publication, distribution, etc. | Rohovce |
| Name of publisher, distributor, etc. | Interpopulart Slovakia |
| Date of publication, distribution, etc. | [1995] |
| 300 ## - PHYSICAL DESCRIPTION | |
| Extent | 121 s. |
| Other physical details | lit. |
| Dimensions | 19 cm |
| 500 ## - GENERAL NOTE | |
| General note | Študentská knižnica 54. Séria: Slovenská realistická próza |
| 655 #7 - INDEX TERM--GENRE/FORM | |
| Genre/form data or focus term | slovenské poviedky pre mládež |
| Source of term | hŠVKBB |
| 942 ## - ADDED ENTRY ELEMENTS (KOHA) | |
| Source of classification or shelving scheme | Dewey Decimal Classification |
| Koha item type | Krásna literatúra pre dospelých |
| Suppress in OPAC | No |
| 949 ## - LOCAL PROCESSING INFORMATION (OCLC) | |
| 6 | 270001000092759 |
| a | svkbbA 94687 |
| b | svkbbm 612605 |
| 949 ## - LOCAL PROCESSING INFORMATION (OCLC) | |
| 6 | 270001000066136 |
| a | svkbbA 94687-a |
| b | svkbbm 613239 |
| o | oprava väzby |
| Stav vyradenia | Strata | Poškodenie | Spôsob nadobudnutia | Domovská knižnica | Aktuálna knižnica | Dátum nadobudnutia | Total checkouts | Čiarový kód exemplára | Date last seen | Typ exemplára |
|---|---|---|---|---|---|---|---|---|---|---|
| Dar | Obecná knižnica Horná Štubňa | Obecná knižnica Horná Štubňa | 22.01.2026 | 8088834538 | 22.01.2026 | Krásna literatúra pre dospelých |
